Paesi di oggi dell'Impero spagnolo - Quiz con mappa - Statistics

Statistiche generali
  • Questo quiz è stato fatto 2.618 volte
  • Il punteggio medio è 27 su 33
Risposte nella Mappa
Le risposte nella mappa del quiz sottostante sono codificate secondo una scala di colori dal rosso al verde in base alla % di persone che hanno risposto correttamente.
 
Statistiche sulle risposte
Paese % Corretto
Messico
99%
Cile
98%
Stati Uniti
98%
Argentina
97%
Peru
97%
Spagna
97%
Colombia
96%
Cuba
96%
Uruguay
96%
Venezuela
96%
Paraguay
95%
Bolivia
94%
Brasile
93%
Ecuador
93%
Panama
93%
Guyana
86%
Honduras
85%
Filippine
84%
Guatemala
84%
Nicaragua
84%
Costa Rica
83%
El Salvador
83%
Repubblica Dominicana
82%
Belize
81%
Bahamas
76%
Marocco
75%
Micronesia
63%
Palau
57%
Trinidad e Tobago
56%
Isole Marshall
53%
Nauru
53%
Canada
52%
Regno Unito
42%
Nessun quiz corrispondente trovato
Distribuzione punteggi
Percentuale di utenti per punteggio
Percentile per numero di risposta
I tuoi punteggi nel tempo
Non hai fatto questo quiz